| 000 | 01106cab a2200277 4500 | ||
|---|---|---|---|
| 001 | ABS57554 | ||
| 008 | 090401t1997 xxu||||| |||| 00| 0 eng d | ||
| 035 | _a(Sirsi) u81004 | ||
| 041 | _aeng | ||
| 100 | _aLew, J. | ||
| 245 | _aIntroduction to the work of the Arbitration Practice Sub-Committee | ||
| 260 | _c1997 | ||
| 350 | _a0 | ||
| 490 |
_aArbitration _v63(3) August 1997, 166-167(2) |
||
| 520 | _aOutlines the work of the Arbitration Practice Sub-Committee, which was set up the Arbitration Committee (Chartered Institute of Arbitrators) to produce guidelines on arbitration practice under the Arbitration Act 1996. The first guideline on applications for security for costs in terms of Section 38 of the Act is reproduced. | ||
| 650 | _aARBITRATION ACT 1996 S38 | ||
| 650 | _aARBITRATION ACT 1996 | ||
| 650 | _aARBITRATORS | ||
| 650 | _aCOSTS | ||
| 650 | _aFEES | ||
| 650 | _aGUIDANCE NOTES | ||
| 650 | _aSECURITY FOR COSTS | ||
| 690 | _aMANAGEMENT-DISPUTE AVOIDANCE, MANAGEMENT AND RESOLUTION-DISPUTE MANAGEMENT AND RESOLUTION-ARBITRATION | ||
| 942 | _n0 | ||
| 948 | _c22/09/1997 | ||
| 999 |
_c51031 _d51031 |
||